000 00441nam a22001817a 4500
003 MPLRDC
005 20220104144043.0
008 210129b ||||| |||| 00| 0 eng d
082 _a857.45 BZ-9
100 _a毕珍
245 _a吐金鸟
_c
250 _a初版
260 _a台湾
_b汉艺色研文化事业有限公司
_c1989
300 _b213
490 _a诗文之美: 55
650 _a历史小说
942 _cBK
_o857.45 BZ-9
999 _c45938
_d45928